Normal view
MARC view
- Holt, L. Emmett
Entry Nombre Personal
001 - NUMERO DE CONTROL
- campo de control: 53020
003 - IDENTIFICADOR DE NUMERO DE CONTROL
- campo de control: MX-MxUPN
005 - FECHA Y HORA DE LA ÜLTIMA TRANSACCIÓN
- campo de control: 20240812134343.0
008 - DATOS DE LONGITUD FIJA
- campo de control de longitud fija: 240812|| aca||aabn | aaa d
010 ## - NÚMERO DE CONTROL DE LA BIBLIOTECA DEL CONGRESO
- Número de control LC: n 50032608
035 ## - NUMERO DE CONTROL
- Número de control: (OCoLC)oca00067956
040 ## - FUENTE DE CATALOGACIÓN
- Agencia original de catalogación: DLC
- Lenguaje de catalogación: spa
- Agencia de transcripción: DLC
- Agencia que lo modifica: OCoLC
- Agencia que lo modifica: DNLM
- Agencia que lo modifica: MX-MxUPN
046 ## - FECHAS CON CODIFICACIÓN ESPECIAL
- Fecha de nacimiento: 18550304
- Fecha de muerte: 1924
100 1# - ENCABEZAMIENTO - NOMBRE PERSONAL
- Nombre personal: Holt, L. Emmett
- Fuller form of name: (Luther Emmett),
- Fechas asociadas con el nombre: 1855-1924
670 ## - FUENTE EN LA QUE SE LOCALIZARON DATOS
- Cita de la fuente: LC, 12 agosto 2024 :
- Información localizada: (Holt, L. Emmett (Luther Emmett), 1855-1924)
- Uniform Resource Identifier: https://lccn.loc.gov/n50032608
902 ## - CATALOGADOR
- Catalogador: MaríaRobles/120824
